Handbook of graphic presentation
Gorde:
| Egile Nagusiak: | , |
|---|---|
| Formatua: | Liburua |
| Hizkuntza: | ingelesa |
| Argitaratua: |
Nueva York
John Wiley and Sons
1979
|
| Edizioa: | 2a. ed |
| Gaiak: | |
| Etiketak: |
Etiketa erantsi
Etiketarik gabe, Izan zaitez lehena erregistro honi etiketa jartzen!
|
MARC
| LEADER | 00000nam a2200000 a 4500 | ||
|---|---|---|---|
| 001 | UCP3722 | ||
| 003 | CL-VaPUC | ||
| 008 | 990702e19790000US |||||||||||||||||eng|d | ||
| 082 | 0 | 4 | |a 001.422 |b SCH |2 21 |
| 100 | 0 | |a Schmid, Calvin F |e author |9 431093 | |
| 700 | 0 | |a Schmid, Stanton E |e author |9 431094 | |
| 245 | 1 | 0 | |a Handbook of graphic presentation |
| 250 | |a 2a. ed | ||
| 300 | |a 308 p | ||
| 942 | |c BK | ||
| 945 | |d 19990702 00:00:00 |a crobeson | ||
| 260 | |a Nueva York |b John Wiley and Sons |c 1979 | ||
| 650 | 0 | |a Estadística |9 259535 | |
| 650 | 0 | |a Métodos estadísticos |9 259407 | |
| 650 | 7 | |a METODOS GRAFICOS |2 CL-VaPUC |9 270310 | |
| 583 | |a last modification |c 19990702 00:00:00 |k Rodrigo Vera | ||
| 999 | |c 281931 |d 281929 | ||